[Event "6th LGA Premium Cup"]
[Site "Nuernberg GER"]
[Date "2009.09.06"]
[Round "6"]
[White "Mons,L"]
[Black "Mihok,O"]
[Result "0-1"]
[WhiteElo "2148"]
[BlackElo "2357"]

1.e4 c5 2.Nf3 Nc6 3.d4 cxd4 4.Nxd4 Qb6 5.Nb3 Nf6 6.Nc3 e6 7.Be3 Qc7 8.Bd3 a6
9.O-O Be7 10.f4 d6 11.Kh1 b5 12.a4 b4 13.Nb1 e5 14.N1d2 exf4 15.Bxf4 O-O
16.Nc4 Ne5 17.Bxe5 dxe5 18.Nbd2 Be6 19.Qe2 a5 20.Ne3 Rfd8 21.b3 Bc5 22.Rxf6 Bxe3
23.Rff1 Bxd2 24.Qxd2 Rd4 25.Qe2 Rad8 26.Rab1 Qd6 27.Rfe1 Rc8 28.h3 h6 29.Red1 Rd8
30.Qf3 f5 31.Re1 f4 32.Red1 g5 33.Be2 Qc6 34.Rxd4 Rxd4 35.Bd3 Kg7 36.g3 Qe8
37.Rg1 Kh7  0-1

[Event "TCh-SRB 1st League"]
[Site "Kragujevac SRB"]
[Date "2009.09.08"]
[Round "7"]
[White "Roganovic,Milo"]
[Black "Miladinovic,I"]
[Result "1/2-1/2"]
[WhiteElo "2474"]
[BlackElo "2547"]

1.e4 c5 2.Nf3 Nc6 3.d4 cxd4 4.Nxd4 Qc7 5.Nc3 e6 6.Be3 a6 7.Bd3 Nf6 8.O-O h5
9.h3 Nxd4 10.Bxd4 Bc5 11.Bxc5 Qxc5 12.Na4 Qa5 13.c4 d6 14.Bc2 Qc7 15.Qd3 Bd7
16.Rfd1 Rc8 17.Nc3 e5 18.Qxd6 Qxd6 19.Rxd6 Rxc4 20.Rad1 Rc5 21.Ba4 Bxa4 22.Nxa4 Rc8
23.Nb6 Rb8 24.Nd7 Nxd7 25.Rxd7 Rh6 26.Rc7 Rc6 27.Rdd7 Rc1+ 28.Kh2 Rxc7 29.Rxc7 b5
30.Ra7 Rc8  1/2-1/2

[Event "ch-RUS HL"]
[Site "Ulan Ude RUS"]
[Date "2009.09.09"]
[Round "7"]
[White "Amonatov,F"]
[Black "Bryzgalin,K"]
[Result "1-0"]
[WhiteElo "2643"]
[BlackElo "2480"]

1.e4 c5 2.Nf3 Nc6 3.d4 cxd4 4.Nxd4 Qc7 5.Nc3 e6 6.Be3 a6 7.Qd2 Nf6 8.O-O-O Nxd4
9.Bxd4 e5 10.Be3 Bb4 11.f3 d6 12.a3 Bxc3 13.bxc3 O-O 14.Qxd6 Qxc3 15.Qc5 Qxc5
16.Bxc5 Re8 17.Rd6 Be6 18.Bd3 Rac8 19.Bb4 Nd7 20.Kd2 Nc5 21.Rb1 Nxd3 22.cxd3 Rcd8
23.Ke3 f6 24.Rb6 Rd7 25.Ba5 Ree7 26.g3 Bf7 27.f4 f5 28.fxe5 fxe4 29.d4 Bd5
30.Rc1 Re6 31.Rxe6 Bxe6 32.Kxe4 Bd5+ 33.Ke3 Kf7 34.Rc8 Ke6 35.Bb6 Bc6 36.Bc5 h6
37.Re8+ Kf7 38.Rf8+ Ke6 39.Rh8 Rf7 40.Rg8 Rd7 41.g4 a5 42.Bb6 a4 43.Bc5 Kf7
44.Rh8 Ke6 45.h4 Bd5 46.h5 Rf7 47.Rd8 Rd7 48.Re8+ Kf7 49.Rf8+ Ke6 50.g5 Rf7
51.Rd8 Rd7 52.Rf8 Rf7 53.gxh6 Rxf8 54.Bxf8 gxh6 55.Bxh6 Kf5 56.Bf8 Kg5 57.h6 Kg6
58.Kf4 b5 59.Kg4 Be6+ 60.Kf3  1-0

[Event "TCh-SRB 1st League"]
[Site "Kragujevac SRB"]
[Date "2009.09.11"]
[Round "10"]
[White "Brenjo,S"]
[Black "Damljanovic,B"]
[Result "1-0"]
[WhiteElo "2495"]
[BlackElo "2559"]

1.e4 c5 2.Nf3 Nc6 3.d4 cxd4 4.Nxd4 Qc7 5.Nc3 e6 6.Be2 a6 7.O-O Nf6 8.Be3 Be7
9.f4 d6 10.Qe1 O-O 11.Qg3 Nxd4 12.Bxd4 b5 13.a3 Bb7 14.Kh1 Rad8 15.Bf3 g6
16.f5 e5 17.Be3 Kh8 18.fxg6 fxg6 19.Bh6 Rfe8 20.Rad1 Ng8 21.Be3 Rf8 22.Bg4 b4
23.axb4 Qc4 24.Bf3 Qxb4 25.Qe1 a5 26.Nd5 Bxd5 27.Qxb4 axb4 28.Rxd5 Nf6 29.Rb5 Nxe4
30.Ra1 Bg5 31.Bb6 Ra8 32.Rd1 d5 33.Rbxd5 Ra6 34.Bg1 Nf6 35.Rxe5 Bf4 36.Rb5 Ra2
37.Rxb4 Be5 38.c3 h5 39.Rb5 Bf4 40.g3 Bh6 41.Bc5 Rf7 42.Re1 Kh7 43.Re7  1-0

[Event "ch-RUS HL"]
[Site "Ulan Ude RUS"]
[Date "2009.09.13"]
[Round "11"]
[White "Shaposhnikov,E"]
[Black "Bryzgalin,K"]
[Result "1/2-1/2"]
[WhiteElo "2545"]
[BlackElo "2480"]

1.e4 c5 2.Nf3 Nc6 3.d4 cxd4 4.Nxd4 Qc7 5.Nc3 e6 6.Be3 a6 7.Qd2 Nf6 8.f3 Ne5
9.Nb3 b5 10.O-O-O Bb7 11.Qf2 Rc8 12.Bb6 Qb8 13.Ba7 Qc7 14.Bb6 Qb8 15.Ba7 Qc7
16.Bb6 Qb8  1/2-1/2

[Event "TCh-SRB w"]
[Site "Pozarevac SRB"]
[Date "2009.09.19"]
[Round "6"]
[White "Rudolf,An"]
[Black "Videnova,I"]
[Result "1/2-1/2"]
[WhiteElo "2313"]
[BlackElo "2197"]

1.e4 c5 2.Nf3 Nc6 3.d4 cxd4 4.Nxd4 Qb6 5.Nb3 Nf6 6.Nc3 e6 7.Bd3 a6 8.O-O Qc7
9.f4 d6 10.Be3 b5 11.a3 Be7 12.Qf3 Rb8 13.Qg3 h5 14.h3 h4 15.Qf3 Bb7 16.Ne2 Nd7
17.Ned4 Nxd4 18.Bxd4 Bf6 19.Bxf6 gxf6 20.Rae1 Qb6+ 21.Kh2 Ke7 22.Nd2 Rbg8
23.Qe2 Qc5 24.b4 Qh5 25.Qxh5 Rxh5 26.c4 bxc4 27.Nxc4 f5 28.Nd2 Nf6 29.Be2 Rhh8
30.Bf3 fxe4 31.Nxe4 Nxe4 32.Bxe4 Bxe4 33.Rxe4 Rg3 34.f5 d5 35.Rxh4 Rxg2+
36.Kxg2 Rxh4 37.Kg3 Rc4 38.fxe6 fxe6 39.h4 e5 40.h5 Rc3+ 41.Kg4 Rc8 42.h6 Ke6
43.h7 Rh8 44.Rh1 d4 45.Kf3 Kd5 46.Rh5 Kc4 47.Ke4 d3 48.Rxe5 d2 49.Rc5+ Kb3
50.Rd5 Kc2 51.Rc5+ Kd1 52.Ra5 Kc1 53.Rc5+ Kb2 54.Rd5 Kc2 55.Rc5+ Kb3 56.Rd5 Re8+
57.Kf5 Kc2 58.Kg6 d1=Q 59.Rxd1 Kxd1 60.a4 Kc2 61.b5 axb5 62.axb5 Kc3 63.Kg7 Kc4
64.b6 Kc5 65.b7 Kc6  1/2-1/2

[Event "Bolungarvik Open"]
[Site "Reykjavik ISL"]
[Date "2009.09.20"]
[Round "1"]
[White "Thorhallsson,T"]
[Black "Hansen,SoB"]
[Result "1/2-1/2"]
[WhiteElo "2433"]
[BlackElo "2284"]

1.e4 c5 2.Nf3 Nc6 3.d4 cxd4 4.Nxd4 Qb6 5.Nb3 Nf6 6.Nc3 e6 7.Bd3 d6 8.Be3 Qc7
9.f4 a6 10.Qf3 b5 11.O-O-O Bb7 12.Kb1 Be7 13.g4 h6 14.Rhg1 Nd7 15.Qf2 g5
16.Rgf1 gxf4 17.Bxf4 Nce5 18.Be3 O-O-O 19.h3 h5 20.g5 Rdg8 21.Bxb5 axb5 22.Nxb5 Qc4
23.Nxd6+ Bxd6 24.Rxd6 Rd8 25.Rfd1 Qb5 26.Qe1 Nc4 27.Qc3 Ne5 28.a4 Qxa4 29.Bf4 Nc6
30.Rxd8+ Rxd8 31.Rxd8+ Nxd8 32.Nc5 Qb5 33.Nd3 Qc6 34.Ne5 Nxe5 35.Qxe5 Kd7
36.Qd4+ Ke8  1/2-1/2

[Event "Bolungarvik Open"]
[Site "Reykjavik ISL"]
[Date "2009.09.21"]
[Round "2"]
[White "Lagerman,R"]
[Black "Thorhallsson,T"]
[Result "0-1"]
[WhiteElo "2351"]
[BlackElo "2433"]

1.e4 c5 2.Nf3 Nc6 3.d4 cxd4 4.Nxd4 Qb6 5.Nb3 Nf6 6.Bd3 e6 7.O-O d6 8.Nc3 Be7
9.Be3 Qc7 10.f4 O-O 11.a3 a6 12.Qf3 b5 13.Qh3 g6 14.Kh1 b4 15.axb4 Nxb4 16.e5 Nfd5
17.Nb5 Qb8 18.exd6 Bf6 19.Nc7 Nxc7 20.dxc7 Qxc7 21.Bc5 Nxd3 22.Bxf8 Qxc2
23.Qf3 Rb8 24.Nc5 Kxf8 25.Nxd3 Bb7 26.Qh3 Bxg2+ 27.Qxg2 Qxd3 28.Rf2 Kg7 29.Qf1 Qd5+
30.Qg2 Qd6 31.Rd2 Qc5 32.Rc2 Qd4 33.Rd2 Qe3 34.Re2 Qb3 35.h3 Rb5 36.Rxa6 Rh5
37.Kh2 Qd3 38.Ra3 Rxh3+ 39.Qxh3 Qxe2+ 40.Qg2 Qxb2 41.Qxb2 Bxb2 42.Ra5 Kf6
43.Kg3 e5 44.fxe5+ Bxe5+ 45.Kh3 h5 46.Ra7 g5 47.Rb7 Kg6 48.Ra7 f6 49.Rb7 Kf5
50.Rh7 Kg6 51.Rb7 f5 52.Rb6+ Bf6 53.Kg3 f4+ 54.Kf3 Kf5 55.Rb8 g4+ 56.Kg2 f3+
57.Kf2 Bd4+ 58.Kf1 g3  0-1

[Event "10th Veselin Boskovic Mem"]
[Site "Beograd SRB"]
[Date "2009.10.03"]
[Round "7.2"]
[White "Pikula,D"]
[Black "Perunovic,Mil"]
[Result "0-1"]
[WhiteElo "2562"]
[BlackElo "2572"]

1.e4 c5 2.Nf3 Nc6 3.d4 cxd4 4.Nxd4 Qc7 5.Nc3 e6 6.f4 a6 7.Be3 b5 8.Nf3 Bb7
9.Bd3 Nf6 10.Qe2 Ng4 11.Bd2 Bc5 12.Nd1 Nb4 13.a3 Nxd3+ 14.cxd3 O-O 15.Rc1 Qb6
16.h3 Nf6 17.b4 Be7 18.Nf2 Nh5 19.Qe3 Qxe3+ 20.Bxe3 Ng3 21.Rg1 f5 22.Ne5 Rfc8
23.Nxd7 Rxc1+ 24.Bxc1 Rc8 25.Nc5 Bxc5 26.bxc5 Rxc5 27.Kd2 fxe4 28.Re1 e3+
29.Kxe3 Nf5+ 30.Kd2 Nd4 31.Kd1 Bxg2 32.Bb2 Bf3+ 33.Kd2 Rc2+ 34.Ke3 Rxb2 35.Kxd4 Rxf2  0-1

[Event "8th TCh-Eur w"]
[Site "Novi Sad SRB"]
[Date "2009.10.23"]
[Round "2"]
[White "Zawadzka,J"]
[Black "Videnova,I"]
[Result "1-0"]
[WhiteElo "2414"]
[BlackElo "2307"]

1.e4 c5 2.Nf3 Nc6 3.d4 cxd4 4.Nxd4 Qb6 5.Nb3 Nf6 6.Nc3 e6 7.Bd3 a6 8.Be3 Qc7
9.f4 d6 10.Qf3 b5 11.O-O Bb7 12.Qh3 Be7 13.a3 h5 14.f5 Ng4 15.fxe6 fxe6 16.Ne2 Bf6
17.Nf4 Qf7 18.a4 g5 19.Ne2 bxa4 20.Nbd4 Qe7 21.Nxc6 Bxc6 22.Nd4 Bd7 23.Qf3 O-O
24.Qe2 Be5 25.g3 a5 26.Bc4 Rxf1+ 27.Rxf1 Rc8 28.b3 axb3 29.cxb3 a4 30.Qd2 a3
31.Nf5 Qh7 32.Bd4 Bxd4+ 33.Nxd4 Qg6 34.Nf5 Qf6 35.Nxd6 Qe5 36.Nxc8 Qc5+ 37.Kh1 Bxc8
38.b4 Qe7 39.Qc3 Bb7 40.Qd4 Qe8 41.h3 Nh6 42.Rf6  1-0

[Event "8th TCh-Eur w"]
[Site "Novi Sad SRB"]
[Date "2009.10.29"]
[Round "8"]
[White "Nikolova,A"]
[Black "Javakhishvili,L"]
[Result "1/2-1/2"]
[WhiteElo "2334"]
[BlackElo "2472"]

1.e4 c5 2.Nf3 Nc6 3.d4 cxd4 4.Nxd4 Qc7 5.Nc3 e6 6.Nb3 a6 7.Bd3 Nf6 8.O-O b5
9.Qe2 Be7 10.f4 d6 11.a4 b4 12.Nd1 O-O 13.Bd2 Re8 14.Nf2 e5 15.Rac1 exf4
16.Bxf4 Ne5 17.c3 Qd7 18.Nd4 bxc3 19.bxc3 Qc7 20.h3 Bf8 21.Bg5 Nfd7 22.Bb1 Nb6
23.Ba2 Be7 24.Bxe7 Rxe7 25.Nd3 Nbc4 26.Nxe5 Nxe5 27.Nf5 Bxf5 28.exf5 Qc5+
29.Kh1 d5 30.f6 gxf6 31.Rxf6 d4 32.Bb1 Rd8 33.Qh5 d3 34.Qg5+ Kf8 35.Rcf1 Qd5
36.c4 Qxc4 37.Qh6+ Ke8 38.Qxh7 Kd7 39.Qf5+ Kc7 40.Qf2 Qd4 41.Rc1+ Kb8 42.Rb6+ Rb7
43.Rxb7+ Kxb7 44.Qd2 Rd7 45.Ba2 Rc7 46.Rxc7+ Kxc7 47.Qa5+ Kd7 48.Bb3 Qd6
49.Bd1 d2 50.Qc3 f6 51.a5 Qd3 52.Ba4+ Kd8 53.Qa1 Ke7 54.Qg1 f5 55.Qa7+ Nd7
56.Bd1 Qf1+ 57.Qg1 Qe1 58.Kh2 Kf6 59.Qd4+ Ke7 60.Qg7+ Kd8 61.Qg8+ Kc7 62.Qc4+ Kd6
63.Qd4+ Ke7 64.Qg7+ Kd6 65.Qd4+ Kc7 66.Qc4+ Kd6 67.Qd4+  1/2-1/2

[Event "13th OIBM"]
[Site "Bad Wiessee GER"]
[Date "2009.10.31"]
[Round "1"]
[White "Wiendieck,J"]
[Black "Souleidis,G"]
[Result "0-1"]
[WhiteElo "1995"]
[BlackElo "2429"]

1.e4 c5 2.Nf3 Nc6 3.d4 cxd4 4.Nxd4 Qb6 5.Nb3 Nf6 6.Nc3 e6 7.Be3 Qc7 8.Be2 a6
9.a3 d6 10.O-O Be7 11.f4 O-O 12.Bf3 Nd7 13.Qe2 b5 14.Qf2 Rb8 15.Rfd1 Nb6
16.Bxb6 Rxb6 17.Rd2 Rb8 18.Rad1 Na5 19.Nxa5 Qxa5 20.Na2 Qc7 21.Kh1 a5 22.c3 Bd7
23.Nc1 b4 24.axb4 axb4 25.cxb4 Rxb4 26.Na2 Rb7 27.Nc3 Rfb8 28.Rc2 Qa5 29.Qd2 Bf8
30.h3 g6 31.g4 Rb4 32.e5 d5 33.Rf1 Qb6 34.Rf2 Bc5 35.Rg2 Be3 36.Qe1 Bxf4
37.Bxd5 exd5 38.Nxd5 Qd4 39.Nxb4 Rxb4 40.Qc3 Qxc3 41.bxc3 Rb1+ 42.Rg1 Bc6+  0-1

[Event "13th OIBM"]
[Site "Bad Wiessee GER"]
[Date "2009.11.05"]
[Round "7"]
[White "Kummerow,H"]
[Black "Krahe,F"]
[Result "1-0"]
[WhiteElo "2350"]
[BlackElo "2180"]

1.e4 c5 2.Nf3 Nc6 3.d4 cxd4 4.Nxd4 Qb6 5.Nb3 Nf6 6.Nc3 d6 7.Bg5 e6 8.Qd2 a6
9.O-O-O Be7 10.f3 Bd7 11.g4 Ne5 12.Be3 Qc7 13.g5 Nh5 14.f4 Nc4 15.Bxc4 Qxc4
16.e5 d5 17.f5 g6 18.Qf2 a5 19.Nc5 Bc6 20.fxe6 O-O 21.Nd7 fxe6 22.Nxf8 Rxf8
23.Qe1 Rf5 24.Rg1 Rxe5 25.Qd2 Rf5 26.Kb1 Ng7 27.h3 Rf3 28.Rg4 Qa6 29.Qe1 Nf5
30.Bc1 Kf7 31.h4 Qb6 32.Rd3 Rxd3 33.cxd3 Bd6 34.d4 Qa6 35.Qd1 Bb5 36.Kc2 a4
37.h5 a3 38.b3 Bf1 39.Bf4 Bb4 40.Bd2 Bh3 41.Rf4 Bd6 42.hxg6+ hxg6 43.Qf3 Bxf4
44.Qxf4 Qc6 45.Qe5 Ne7 46.Qf6+ Ke8 47.Qh8+  1-0

[Event "13th OIBM"]
[Site "Bad Wiessee GER"]
[Date "2009.11.05"]
[Round "7"]
[White "Seyb,D"]
[Black "Souleidis,G"]
[Result "0-1"]
[WhiteElo "2266"]
[BlackElo "2429"]

1.e4 c5 2.Nf3 Nc6 3.d4 cxd4 4.Nxd4 Qb6 5.Nb3 Nf6 6.Nc3 e6 7.Qe2 Bb4 8.Bd2 O-O
9.O-O-O d5 10.e5 Bxc3 11.Bxc3 Ne4 12.Be1 a5 13.Nd2 Nc5 14.f4 Bd7 15.Bf2 Rfc8
16.Kb1 Nb4 17.Nb3 Ba4 18.Qf3 Bxb3 19.Qxb3 a4 20.Qh3 a3 21.b3 Qc6 22.Rc1 Ne4
23.Be1 Qc5 24.Be2 Nf2 25.Bxf2 Qxf2 26.Bd3 f6 27.Rhd1 Qd4 28.c3 Rxc3 29.Bc2 Rd3  0-1

[Event "TCh-FIN 2009-10"]
[Site "Finland FIN"]
[Date "2009.11.14"]
[Round "4"]
[White "Sulskis,S"]
[Black "Kanep,M"]
[Result "1/2-1/2"]
[WhiteElo "2568"]
[BlackElo "2518"]

1.e4 c5 2.Nf3 Nc6 3.d4 cxd4 4.Nxd4 Qb6 5.Be3 Qxb2 6.Nb3 Nf6 7.Bd3 d5 8.Bc1 Qe5
9.f4 Qc7 10.e5 Bg4 11.Qd2 Ne4 12.Qe3 e6 13.O-O Bf5 14.c4 Nb4 15.cxd5 exd5
16.Bb2 Nxd3 17.Qxd3 Bc5+ 18.Nxc5 Qxc5+ 19.Bd4 Qe7 20.Na3 Qd7 21.Nc2 O-O 22.Qd1 Bg4
23.Qd3 Bf5 24.Qd1 Bg4 25.Qd3 f5 26.Ne3 Bh5 27.a4 Bf7 28.Rfb1 Be6 29.Rb2 Rf7
30.Qb5 Qd8 31.a5 g5 32.Rf1 h6 33.g3 Kh7 34.Rc2 a6 35.Qb6 Qxb6 36.axb6 Kg6
37.Rc7 Rxc7 38.bxc7 Rc8 39.Bb6 gxf4 40.Rxf4 d4 41.Nxf5 Bxf5 42.g4 Bxg4 43.Rxe4 Kf5
44.Rxd4 h5 45.Rd5 Ke6 46.Rc5 Bf3 47.Kf2 Bd5 48.Kg3 Kxe5 49.Kh4 Kd6 50.Kxh5 a5
51.h4 a4 52.Rc3 a3 53.Rxa3 Kc6 54.Bd4 Rxc7 55.Kg6 Be4+ 56.Kf6 Kd5 57.Rc3 Rc6+
58.Rxc6 bxc6  1/2-1/2

[Event "Vasylyshyn Mem w"]
[Site "Lviv UKR"]
[Date "2009.11.29"]
[Round "5"]
[White "Petrenko,S"]
[Black "Kharmunova,N"]
[Result "1-0"]
[WhiteElo "2257"]
[BlackElo "2077"]

1.e4 c5 2.Nf3 Nc6 3.d4 cxd4 4.Nxd4 Qb6 5.Nb3 Nf6 6.Nc3 e6 7.a3 Be7 8.Be2 a6
9.O-O O-O 10.Be3 Qc7 11.f4 d6 12.Bf3 b5 13.Qd2 Bb7 14.g4 Rac8 15.Qf2 b4 16.axb4 Nxb4
17.g5 Nd7 18.Rad1 Rfe8 19.h4 Bf8 20.Rd2 d5 21.Rfd1 e5 22.exd5 exf4 23.Bd4 Qd6
24.Bg2 h6 25.Rf1 hxg5 26.hxg5 Be7 27.Ne4 Qg6 28.Qxf4 Nxd5 29.Qf5 Nf8 30.Nec5 Ba8
31.Bxd5 Bxd5 32.Qxd5 Red8 33.Qf5 Bxg5 34.Rg2 Rxd4 35.Rxg5 Qxf5 36.Rgxf5 Rc4
37.Rxf7 Rxc2 38.R1f2 Rc4 39.R2f4 Rxf4 40.Rxf4 Ng6 41.Ra4 Rc6 42.Kg2 Kf7 43.Kf3 Ke7
44.Ke4 Kd8 45.Nd4 Rb6 46.b4 Ne7 47.Nxa6 g5 48.Nc5 g4 49.Ra8+ Kc7 50.Ra7+ Kd8
51.b5 Nc8 52.Nce6+ Ke8 53.Ra8 Kd7 54.Nc5+ Kc7 55.Kf4 Rd6 56.Nde6+ Kb6 57.Rb8+ Ka5
58.Nb7+  1-0

[Event "Vasylyshyn Mem w"]
[Site "Lviv UKR"]
[Date "2009.12.01"]
[Round "7"]
[White "Chulivska,V"]
[Black "Kharmunova,N"]
[Result "1-0"]
[WhiteElo "2290"]
[BlackElo "2077"]

1.e4 c5 2.Nf3 Nc6 3.d4 cxd4 4.Nxd4 Qb6 5.Nb3 Nf6 6.Nc3 e6 7.Bd3 Be7 8.O-O a6
9.a4 Qc7 10.Be3 O-O 11.f4 d6 12.Qf3 b6 13.g4 Bb7 14.g5 Nd7 15.Qh3 Nb4 16.Nd4 Nxd3
17.cxd3 Rfe8 18.Rf3 Rac8 19.Qh4 d5 20.Rh3 Nf8 21.exd5 exd5 22.f5 Qe5 23.Rf1 Rc7
24.f6 Bc5 25.Rf5 Qd6 26.fxg7 Kxg7 27.Rf6 Qd8 28.Nf5+  1-0

[Event "Open"]
[Site "Pilsen CZE"]
[Date "2009.12.07"]
[Round "3"]
[White "Gunajew,R"]
[Black "Folk,P"]
[Result "1/2-1/2"]
[WhiteElo "2225"]
[BlackElo "2197"]

1.e4 c5 2.Nf3 Nc6 3.d4 cxd4 4.Nxd4 Qc7 5.Nc3 e6 6.Be2 a6 7.O-O Nf6 8.Kh1 Be7
9.f4 d6 10.Be3 O-O 11.Qe1 Nxd4 12.Bxd4 b5 13.a3 Bb7 14.Qg3 Bc6 15.Rae1 Qb7
16.Be3 g6 17.f5 e5 18.Bd3 b4 19.axb4 Qxb4 20.Bh6 Rfe8 21.Qf3 Rad8 22.fxg6 fxg6
23.Bxa6 Ra8 24.Bd3 Qxb2 25.Bc4+ Kh8 26.Rb1 Qa3 27.Bf7 Rf8 28.Bxf8 Rxf8 29.Bb3 Nxe4
30.Qe3 Rxf1+ 31.Rxf1 Nf6 32.Nd1 Qa8 33.Qh3 Kg7 34.Ne3 Bd7 35.Qf3 Qxf3 36.gxf3 Bc6
37.Kg2 d5 38.Rd1 d4 39.Nc4 Nd5 40.Kg3 Bg5 41.Rf1 Bf4+ 42.Kg2 Kf6 43.Na5 Ba8
44.Bxd5 Bxd5 45.Rb1 e4 46.Rb6+ Kf5 47.Rb5 exf3+ 48.Kf2 Ke4 49.Nb3 Be3+ 50.Kg3 f2
51.Nc5+ Kf5 52.Rb1 Bc4 53.Nd3 Bxd3 54.cxd3 g5 55.h3 h5 56.Ra1 h4+ 57.Kf3 Ke5
58.Rb1 Kd5 59.Ke2 Ke5 60.Kf3  1/2-1/2

[Event "Christamas Open Masters"]
[Site "Zurich SUI"]
[Date "2009.12.27"]
[Round "2"]
[White "Zude,A"]
[Black "Simon,Ra"]
[Result "1-0"]
[WhiteElo "2461"]
[BlackElo "2193"]

1.e4 c5 2.Nf3 Nc6 3.d4 cxd4 4.Nxd4 Qb6 5.Nb3 Nf6 6.Nc3 e6 7.Qe2 Bb4 8.Bd2 O-O
9.O-O-O d5 10.e5 Nd7 11.f4 a6 12.g3 Rd8 13.Bg2 Nf8 14.h4 Bd7 15.h5 Rac8 16.h6 g6
17.a3 Be7 18.Be3 Qc7 19.Bxd5 exd5 20.Nxd5 Qb8 21.Bb6 Re8 22.Rd2 Be6 23.Rhd1 Nd7
24.Be3 Bf8 25.Qh2 Ne7 26.Nc3 Nf5 27.Bg1 Bxb3 28.cxb3 Nc5 29.Bxc5 Bxc5 30.Kb1 Ne3
31.Re1 Red8 32.Rde2 Rd3 33.Ne4 Bd4 34.Rd2 Rxd2 35.Qxd2 Qa7 36.Rxe3 Bxe3 37.Qd7 Rf8
38.Qe7  1-0

[Event "Pan-American Intercollegiate"]
[Site "South Padre Island USA"]
[Date "2009.12.29"]
[Round "4"]
[White "Saheli,N"]
[Black "Aradhyula,V"]
[Result "1-0"]
[WhiteElo "2116"]
[BlackElo "2172"]

1.e4 c5 2.Nf3 Nc6 3.d4 cxd4 4.Nxd4 Qc7 5.Nc3 e6 6.g3 a6 7.Bg2 Nf6 8.O-O Nxd4
9.Qxd4 Bc5 10.Qd3 Ng4 11.Nd1 O-O 12.Bf4 Ne5 13.Qe2 d6 14.Be3 b5 15.Bxc5 Qxc5
16.Ne3 Bb7 17.Rfd1 Rac8 18.Rd2 h6 19.Rad1 Rfd8 20.c3 Bc6 21.Rd4 Rb8 22.Qd2 d5
23.exd5 exd5 24.Nxd5 Bxd5 25.Rxd5 Rxd5 26.Qxd5 Qxd5 27.Rxd5 Re8 28.Kf1 g6
29.b3 Kg7 30.h3 g5 31.Rd6 Rc8 32.Rxa6 Rxc3 33.Ke2 b4 34.Be4 Nd7 35.Ra7 Nf6
36.Bd3 Ne8 37.Rb7 Nf6 38.Rxb4 Nd7 39.Rc4 Rxc4 40.Bxc4 Kf6 41.a4 Ke7 42.a5 Nb8
43.Bb5 Kd6 44.a6 Nc6 45.Bxc6 Kxc6 46.b4  1-0

[Event "15th Open"]
[Site "Bosnjaci CRO"]
[Date "2010.01.09"]
[Round "9"]
[White "Ivekovic,Z"]
[Black "Solic,K"]
[Result "1/2-1/2"]
[WhiteElo "2283"]
[BlackElo "2170"]

1.e4 c5 2.Nf3 Nc6 3.d4 cxd4 4.Nxd4 Qb6 5.Nb3 Nf6 6.Nc3 e6 7.Be3 Qc7 8.Qd2 a6
9.O-O-O d6 10.f3 Be7 11.g4 b5 12.Qf2 Nd7 13.g5 Bb7 14.h4 Rc8 15.Kb1 Nce5
16.Bd4 b4 17.Na4 Nxf3 18.Nb6 Nxd4 19.Nxc8 Bxe4 20.Nxd4 Bxh1 21.Bxa6 Qa5 22.Bc4 Bb7
23.Nb3 Qc7 24.Nxe7 Kxe7 25.Qd4 Bf3 26.Rf1 Ne5 27.Bd3 Rb8 28.Bxh7 Qb7 29.Bd3 Rc8
30.Qf4 Ra8 31.Nd2 Bd5 32.Nc4 Bxc4 33.Bxc4 Rc8 34.Bd3 Qd5 35.Be4 Qd4 36.h5 Rc4
37.h6 gxh6 38.Qf6+ Kd7 39.Bd3 hxg5 40.Bxc4 Qxc4 41.b3 Qe2 42.Rg1 g4 43.Qf4 Qb5
44.Rh1 f5 45.Qe3 Qc5 46.Qe2 Qb6 47.Rh7+ Kc6 48.Re7 Qg1+ 49.Kb2 Qd4+ 50.Kb1 Qg1+  1/2-1/2

[Event "GMA"]
[Site "Marianske Lazne CZE"]
[Date "2010.01.16"]
[Round "1"]
[White "Simacek,P"]
[Black "Vavra,P1"]
[Result "1-0"]
[WhiteElo "2513"]
[BlackElo "2367"]

1.e4 c5 2.Nf3 Nc6 3.d4 cxd4 4.Nxd4 Qb6 5.Nb3 Nf6 6.Nc3 e6 7.Qe2 Bb4 8.Bd2 d6
9.g4 h6 10.O-O-O Bxc3 11.Bxc3 e5 12.h3 Be6 13.Bg2 O-O-O 14.f4 Rd7 15.f5 Bxb3
16.cxb3 Rhd8 17.Kb1 a6 18.Rd3 d5 19.exd5 Nxd5 20.Bxe5 Nf4 21.Bxf4 Rxd3 22.Rc1 Qd4
23.Be5 Qe3 24.Qxe3 Rxe3 25.Bxg7 Rg3 26.Bf1 h5 27.Bf6 Rd5 28.Bc4 Rd6 29.g5 Rd7
30.h4 Kb8 31.Be2 Rg2 32.Bxh5 Rdd2 33.Bc3 Rdf2 34.f6 b5 35.b4 Nxb4 36.Bxf7 Nd3
37.Rd1 b4 38.Bd4 Rf4 39.Be3 Rxh4 40.Rxd3 Rh1+ 41.Bc1 Rgg1 42.Kc2 Rxc1+ 43.Kb3 Rcf1
44.g6  1-0

[Event "8th Parsvnath Open"]
[Site "New Delhi IND"]
[Date "2010.01.16"]
[Round "4"]
[White "Shiven,K"]
[Black "Bitoon,R"]
[Result "0-1"]
[WhiteElo "2291"]
[BlackElo "2458"]

1.e4 c5 2.Nf3 Nc6 3.d4 cxd4 4.Nxd4 Qb6 5.Nb3 Nf6 6.Nc3 e6 7.a3 a6 8.Be2 Be7
9.O-O d6 10.Kh1 Qc7 11.Be3 b5 12.Nd4 Bb7 13.f4 O-O 14.Bd3 Na5 15.Qe1 Nc4
16.Bc1 Rac8 17.Qg3 Rfe8 18.Nf3 d5 19.exd5 Nxd5 20.Nxd5 Bxd5 21.b3 Bf6 22.Rb1 Nd6
23.Bb2 Bxb2 24.Rxb2 Be4 25.Ne5 Nf5 26.Qf2 Bxd3 27.Nxd3 Red8 28.b4 Qc3 29.Rfb1 h6
30.Qe1 Qd4 31.Qe5 Rc3 32.Qxd4 Nxd4 33.Ne1 Ne2 34.g3 Rxa3 35.Nd3 Nc3 36.Re1 Na4
37.Rbb1 Ra2 38.Rbc1 Rc8 39.Re2 Nb6 40.Kg2 Nd5 41.Kf2 Rc4 42.c3 Rxe2+ 43.Kxe2 Nxc3+
44.Kd2 Nd5 45.Rxc4 bxc4 46.Nc5 Nxb4 47.Kc3 Nd5+ 48.Kxc4 Ne3+ 49.Kd4 Nf1 50.Nxa6 Nxh2
51.Ke4 g6 52.Nc7 Kf8 53.Nb5 Ng4 54.Nd4 Ke7 55.Nf3 Nf2+ 56.Ke3 Ng4+ 57.Ke4 f5+
58.Kd4 Kf6 59.Ne1 Nf2 60.Ke3 Ng4+ 61.Kf3 e5 62.fxe5+ Nxe5+ 63.Kf2 Ke6 64.Ng2 g5
65.Ke2 Kd5 66.Ke3 Nc4+ 67.Kf3 Kd4 68.Ne1 Ne5+ 69.Ke2 Ke4 70.Ng2 Ng4 71.Ne1 Ne5
72.Ng2 Nc4 73.Ne1 f4 74.gxf4 Kxf4 75.Kf2 h5 76.Nd3+ Ke4 77.Nc5+ Kf5 78.Nb3 h4
79.Nd4+ Ke5 80.Nf3+ Kf4 81.Ng1 g4 82.Ne2+ Kf5 83.Nd4+ Ke4 84.Ne2 Ne5 85.Nc3+ Kd4
86.Ne2+ Kd3 87.Nf4+ Ke4 88.Ne2 Nd3+ 89.Kg1 Nf4 90.Nc3+ Kf3  0-1

[Event "8th Parsvnath Open"]
[Site "New Delhi IND"]
[Date "2010.01.18"]
[Round "7"]
[White "Prasenjit,Dat"]
[Black "Upadhayay,R"]
[Result "1-0"]
[WhiteElo "2278"]
[BlackElo "2148"]

1.e4 c5 2.Nf3 Nc6 3.d4 cxd4 4.Nxd4 Qc7 5.Nc3 e6 6.Be2 a6 7.O-O Nf6 8.Be3 Be7
9.Kh1 d6 10.f4 Bd7 11.Bf3 O-O 12.Qe1 Nxd4 13.Bxd4 Bc6 14.Qg3 b5 15.Rae1 b4
16.Nd1 g6 17.Nf2 Qb7 18.Qh3 Rfe8 19.Qh6 Bf8 20.Qg5 Nd7 21.Ng4 e5 22.fxe5 dxe5
23.Bg1 f5 24.exf5 e4 25.Be2 e3 26.Nxe3 Ne5 27.fxg6 hxg6 28.Nc4 Be7 29.Qg3 Bh4
30.Qh3 Bxe1 31.Rxe1 Nf7 32.Qg4 Be4 33.Bf3 Bf5 34.Rxe8+ Rxe8 35.Bxb7 Re2 36.Bxa6  1-0

[Event "Open C"]
[Site "Marianske Lazne CZE"]
[Date "2010.01.19"]
[Round "4"]
[White "Macek,K"]
[Black "Tsifanskaya,L"]
[Result "0-1"]
[WhiteElo "1929"]
[BlackElo "2129"]

1.e4 c5 2.Nf3 Nc6 3.d4 cxd4 4.Nxd4 Qb6 5.Nb3 Nf6 6.Nc3 e6 7.Bd3 a6 8.O-O Qc7
9.f4 d6 10.Qf3 Be7 11.Bd2 O-O 12.g4 b5 13.g5 Nd7 14.Qh5 b4 15.Ne2 Re8 16.Nbd4 g6
17.Qf3 Bb7 18.h4 Bf8 19.Nxc6 Bxc6 20.h5 Bg7 21.Qh3 Nc5 22.hxg6 hxg6 23.Ng3 Bxb2
24.Rab1 Bd4+ 25.Kh2 a5 26.f5 exf5 27.exf5 Nxd3 28.cxd3 Bd7 29.Rbc1 Qa7 30.Ne4 Bxf5
31.Rxf5 gxf5 32.Rc7 Qxc7 33.Nf6+ Bxf6 34.gxf6 Re2+ 35.Kg3 d5+ 36.Kf3 Qh2  0-1

[Event "2nd Chennai Open"]
[Site "Chennai IND"]
[Date "2010.01.27"]
[Round "4"]
[White "Saravana,Kr"]
[Black "Zubarev,Al1"]
[Result "0-1"]
[WhiteElo "2323"]
[BlackElo "2544"]

1.e4 c5 2.Nf3 Nc6 3.d4 cxd4 4.Nxd4 Qb6 5.Nb3 Nf6 6.Nc3 e6 7.Bd3 a6 8.O-O d6
9.a4 Bd7 10.Qe2 Nb4 11.a5 Qc7 12.Na4 Nxd3 13.cxd3 Bxa4 14.Rxa4 Qd7 15.Rc4 d5
16.exd5 Qxd5 17.f4 Rd8 18.Rf3 g6 19.Bd2 Bg7 20.Bb4 Nd7 21.Qc2 Nb8 22.Rc7 Nc6
23.Rxb7 Nxb4 24.Rxb4 O-O 25.Rc4 Rb8 26.d4 Rfd8 27.h3 h5 28.Kh2 Bf8 29.Kh1 h4
30.Rcc3 Rb4 31.Rfe3 Rdb8 32.Re5 Qd8 33.Rg5 Qf6 34.Rg4 Qf5 35.Qd1 Qh5  0-1

[Event "8th Gibtelecom Masters"]
[Site "Caleta ENG"]
[Date "2010.02.03"]
[Round "9"]
[White "Kawuma,S"]
[Black "Zozulia,A"]
[Result "1-0"]
[WhiteElo "2187"]
[BlackElo "2321"]

1.e4 c5 2.Nf3 Nc6 3.d4 cxd4 4.Nxd4 Qb6 5.Nb3 Nf6 6.Nc3 e6 7.Bd3 a6 8.O-O Qc7
9.f4 d6 10.a3 b5 11.Be3 h5 12.h3 Rb8 13.Nd4 Bb7 14.Nf3 Be7 15.Qe1 Nd7 16.Qg3 g6
17.Ng5 Rg8 18.Kh2 Qd8 19.h4 Nf6 20.Kh1 Ng4 21.Bg1 Qd7 22.Rad1 f6 23.Nf3 Nd8
24.Be2 Nf7 25.Nd4 Kf8 26.Bxg4 hxg4 27.f5 gxf5 28.exf5 e5 29.Ne6+ Ke8 30.Be3 d5
31.Nxd5 Bxd5 32.Rxd5 Qb7 33.Rfd1 Nd8 34.Nxd8 Rxd8 35.Rxd8+ Bxd8 36.Bc5 Qe4
37.Qb3 Qc4 38.Qxc4 bxc4 39.g3 Be7 40.Rd5 Rg7 41.Kg2 Bxc5 42.Rxc5 Rb7 43.Rxc4 Rxb2
44.Kf2 Kd7 45.Ke2 Ra2 46.a4 Kd6 47.Kd2 Kd5 48.Rxg4 e4 49.h5 Rxa4 50.Rh4 Rc4
51.h6 Rc8 52.h7 Rh8 53.Ke3 a5 54.c4+ Kxc4 55.Rxe4+ Kb3 56.Re7 a4 57.Rf7 a3
58.Rxf6 Rxh7 59.Rb6+ Kc2 60.Ra6 Kb2 61.Kf4 a2 62.g4 Rh1 63.f6 a1=Q 64.Rxa1 Rxa1
65.g5 Kc3 66.g6 Kd4 67.g7 Rf1+ 68.Kg5 Ke5 69.f7 Rf5+ 70.Kg4 Rf4+ 71.Kg3 Rxf7
72.g8=Q Rb7 73.Qe8+ Kd6 74.Kf4 Rb4+ 75.Kf5 Rb7 76.Qe5+ Kc6 77.Ke6 Rb6 78.Qc3+ Kb7+
79.Kd7 Ka7 80.Qa3+ Kb7 81.Qa5 Ra6 82.Qd5+ Kb6 83.Qc4 Ra7+ 84.Kd6 Rb7 85.Qa4 Rb8
86.Qb4+ Ka7 87.Qa5+ Kb7 88.Kd7 Rh8 89.Qd5+ Ka6 90.Qa2+  1-0

[Event "15th HIT Open A"]
[Site "Nova Gorica SLO"]
[Date "2010.02.03"]
[Round "6"]
[White "Povse,M"]
[Black "Tratar,M"]
[Result "0-1"]
[WhiteElo "2104"]
[BlackElo "2493"]

1.e4 c5 2.Nf3 Nc6 3.d4 cxd4 4.Nxd4 Qb6 5.Nb3 Nf6 6.Nc3 e6 7.a3 Qc7 8.f4 d6
9.Be2 a6 10.Bf3 b5 11.Be3 Bb7 12.O-O Be7 13.Rf2 O-O 14.Rd2 Rfe8 15.Qe1 Nd7
16.Qf2 Bf8 17.Rad1 Rad8 18.Kh1 Qc8 19.Rd3 Ba8 20.Ne2 Qc7 21.Rc3 Rc8 22.Ned4 Qb8
23.Nxc6 Rxc6 24.Ba7 Qc7 25.Rdd3 Nc5 26.Bxc5 dxc5 27.e5 c4 28.Bxc6 Bxc6 29.Rd2 cxb3
30.Qf3 Rc8 31.Qd3 b4 32.Rc4  0-1